Normal view
MARC view
Entry Personal Name
001 - CONTROL NUMBER
- control field: 25214
003 - CONTROL NUMBER IDENTIFIER
- control field:
005 - DATE AND TIME OF LATEST TRANSACTION
- control field: 20250616121842.0
008 - FIXED-LENGTH DATA ELEMENTS
- fixed length control field: 250616|| aca||aabn | a|a d
040 ## - CATALOGING SOURCE
- Original cataloging agency:
- Transcribing agency:
100 ## - HEADING--PERSONAL NAME
- Personal name: Holt, John
670 ## - SOURCE DATA FOUND
- Source citation: Work cat.: ()12963: Holt, John., How children learn/